Špeciálne predplatné karty a karty nebankových subjektov
Predplatné karty, ktoré slúžia na platenie tovaru a služieb iba v jednej obchodnej sieti boli vynájdené začiatkom 80-tych rokov vo Francúzsku. Vznik a využívanie darčekových kariet. Úverové karty čerpacích staníc. Karty leteckých spoločností.
Guardado en:
| Formato: | Capítulo de libro |
|---|---|
| Lenguaje: | eslovaco |
| Materias: | |
| Etiquetas: |
Sin Etiquetas, Sea el primero en etiquetar este registro!
|
MARC
| LEADER | 00000naa$a2200000$$$4500 | ||
|---|---|---|---|
| 001 | 0053114 | ||
| 005 | 20231006122035.3 | ||
| 041 | 0 | |a slo | |
| 044 | |a SK | ||
| 245 | 1 | 0 | |a Špeciálne predplatné karty a karty nebankových subjektov |
| 520 | |a Predplatné karty, ktoré slúžia na platenie tovaru a služieb iba v jednej obchodnej sieti boli vynájdené začiatkom 80-tych rokov vo Francúzsku. Vznik a využívanie darčekových kariet. Úverové karty čerpacích staníc. Karty leteckých spoločností. | ||
| 610 | 2 | 0 | |a karty platobné |
| 610 | 2 | 0 | |a karty partnerské |
| 610 | 2 | 0 | |a karty klubové |
| 610 | 2 | 0 | |a platby bezhotovostné |
| 610 | 2 | 0 | |a subjekty nebankové |